International Monetary Fund annual report 2004

Saved in:
Bibliographic Details
Format: Book
Language:English
Published: Washington IMF 2004
Subjects:
Tags: Add Tag
No Tags, Be the first to tag this record!

MARC

LEADER 00000nam$a2200000$$$4500
001 0021938
005 20240315115508.8
020 |a 1-58906-371-6 
022 |a 0250-7498 
041 0 |a eng 
044 |a US 
245 1 0 |a International Monetary Fund  |b annual report 2004 
264 1 |a Washington  |b IMF  |c 2004 
300 |a 214 s. 
610 2 0 |a Medzinárodný menový fond 
610 2 0 |a politika hospodárska medzinárodná 
610 2 0 |a vývoj hospodársky 
610 2 0 |a prognózy 
610 2 0 |a únie menové 
610 2 0 |a politika finančná 
610 2 0 |a svet 
610 2 0 |a organizácie ekonomické medzinárodné 
610 2 0 |a spolupráca medzinárodná